F1 2000s iconic moments - Statistics

General Stats
  • This quiz has been taken 19 times
  • The average score is 10 of 16
Answer Stats
Picture Answer % Correct
China 2007
94%
Monaco 2006
88%
Monaco 2006
88%
Azerbaijan 2017
75%
Usa 2005
75%
Brazil 2015
69%
Australia 2016
63%
Hungary 2009
63%
Spain 2010
63%
Germany 2007
56%
Singapore 2016
56%
Malaysia 2013
50%
Austria 2023
38%
Hungary 2007
38%
Great Britain 2003
31%
Singapore 2013
31%
No matching quizzes found
Score Distribution
Percent of People with Each Score
Percentile by Number Answered
Your Score History
You have not taken this quiz